[Event "Futurity 2"]
[Site "Winnipeg CAN"]
[Date "2010.03.16"]
[Round "3"]
[White "Lauritson, Jim"]
[Black "Kaptsan, Aron"]
[Result "0-1"]
[WhiteElo "1901"]
[BlackElo "2001"]
[PlyCount "120"]
[EventDate "2010.03.02"]
[EventType "tourn"]
[EventRounds "5"]
[EventCountry "CAN"]

1. d4 Nf6 2. c4 e6 3. Nc3 c5 4. d5 exd5 5. cxd5 d6 6. e4 g6 7. Nf3 Bg7 8. Be2
O-O 9. O-O Re8 10. Nd2 a6 11. a4 Nbd7 12. f3 Ne5 13. Nc4 Nxc4 14. Bxc4 Nd7 15.
Be2 Rb8 16. Bf4 Ne5 17. Bg3 Qc7 18. f4 Nd7 19. Qd3 Qb6 20. Qc2 Qb4 21. Bf3 b5
22. axb5 axb5 23. Rfe1 Qd4+ 24. Kh1 b4 25. Nd1 b3 26. Qf2 Qb4 27. Re2 Qb6 28.
Bg4 Nf6 29. Bf3 Bb7 30. Nc3 Nd7 31. Bg4 Bd4 32. Qe1 Nf6 33. Bf3 Ba6 34. Rxa6
Qxa6 35. e5 Bxc3 36. Qxc3 Nxd5 37. Qd2 Nb4 38. exd6 Qa1+ 39. Re1 Rxe1+ 40. Bxe1
Nc2 41. Bd1 Nxe1 42. Qxe1 Qa4 43. Qe5 Qd7 44. Qxc5 Rd8 45. Bxb3 Qxd6 46. Qc1
Qd2 47. Qxd2 Rxd2 48. h3 Rxb2 49. Bd5 Rf2 50. Bf3 Kf8 51. Kh2 Ke7 52. Kg3 Rb2
53. Bg4 Kd6 54. Bf3 Kc5 55. Kg4 h6 56. Kg3 Kd4 57. Kh4 Rb5 58. Kg4 Ke3 59. Kg3
Rf5 60. Bc6 Rxf4 0-1

[Event "Futurity 2"]
[Site "Winnipeg CAN"]
[Date "2010.03.16"]
[Round "3"]
[White "Lipnowski, Samuel"]
[Black "Zaczek, Jonathan"]
[Result "1-0"]
[WhiteElo "2244"]
[BlackElo "2116"]
[PlyCount "83"]
[EventDate "2010.03.02"]
[EventType "tourn"]
[EventRounds "5"]
[EventCountry "CAN"]

1. e4 c5 2. Nf3 d6 3. d4 cxd4 4. Nxd4 Nf6 5. Nc3 a6 6. Be3 e6 7. f3 b5 8. Qd2
Bb7 9. O-O-O Nbd7 10. g4 Nb6 11. Bd3 Rc8 12. Kb1 Nc4 13. Bxc4 Rxc4 14. h4 Be7
15. h5 h6 16. Rhg1 Qc7 17. Ndxb5 axb5 18. Nxb5 Qc6 19. Nxd6+ Bxd6 20. Qxd6 Qxd6
21. Rxd6 Ke7 22. Rb6 Ba8 23. Rd1 Rhc8 24. Ra6 R4c7 25. Bf4 Rd7 26. Rxd7+ Nxd7
27. Bd6+ Ke8 28. Ra7 f5 29. gxf5 exf5 30. e5 Bxf3 31. e6 Nc5 32. Rxg7 Nxe6 33.
Re7+ Kd8 34. Rxe6 Be4 35. Bf4 Bxc2+ 36. Ka1 Kd7 37. Rxh6 Rc4 38. Be5 Rh4 39. b3
f4 40. Rd6+ Ke7 41. Bf6+ Kxd6 42. Bxh4 1-0

[Event "Futurity 2"]
[Site "Winnipeg CAN"]
[Date "2010.03.23"]
[Round "4"]
[White "Lipnowski, Samuel"]
[Black "Lauritson, Jim"]
[Result "1-0"]
[WhiteElo "2244"]
[BlackElo "1901"]
[PlyCount "65"]
[EventDate "2010.03.02"]
[EventType "tourn"]
[EventRounds "5"]
[EventCountry "CAN"]

1. e4 c5 2. Nf3 e6 3. b3 Nc6 4. Bb2 d6 5. Be2 Nf6 6. Nc3 e5 7. O-O Be7 8. d3
O-O 9. Qd2 Ne8 10. Nd5 f5 11. Nxe7+ Qxe7 12. Qg5 Qxg5 13. Nxg5 Nd4 14. Bd1 f4
15. c3 Nc6 16. b4 Nd8 17. Bb3+ Kh8 18. bxc5 dxc5 19. Nf3 Nc6 20. Bd5 Ne7 21. c4
Nxd5 22. cxd5 b6 23. Nxe5 Ba6 24. f3 Nf6 25. Rfc1 Rac8 26. a4 Bb7 27. Nc4 Rfd8
28. Be5 Nh5 29. a5 b5 30. Nd6 Rc7 31. Nxb5 Re7 32. Bd6 Red7 33. Bxc5 1-0

[Event "Futurity 2"]
[Site "Winnipeg CAN"]
[Date "2010.03.23"]
[Round "4"]
[White "Zaczek, Jonathan"]
[Black "Melamedoff, Gustavo"]
[Result "1-0"]
[WhiteElo "2116"]
[BlackElo "2017"]
[PlyCount "93"]
[EventDate "2010.03.02"]
[EventType "tourn"]
[EventRounds "5"]
[EventCountry "CAN"]

1. e4 e5 2. Nf3 Nc6 3. Bb5 a6 4. Ba4 Nf6 5. O-O Nxe4 6. d4 b5 7. Bb3 d5 8. dxe5
Be6 9. Nbd2 Nc5 10. c3 d4 11. Ng5 Qd7 12. Qf3 Nxb3 13. Nxb3 Rd8 14. Nxd4 Nxd4
15. cxd4 Qxd4 16. Nxe6 fxe6 17. Qc6+ Kf7 18. Qxc7+ Rd7 19. Qc8 Rd8 20. Qxa6
Qxe5 21. Be3 Bd6 22. Qa7+ Kg6 23. g3 Bb8 24. Qb7 Rhf8 25. Rad1 Rf7 26. Qxf7+
Kxf7 27. Rxd8 Qc7 28. Rfd1 Kg6 29. R1d7 Qe5 30. Rg8 Qxb2 31. Rxb8 Qb1+ 32. Kg2
Qe4+ 33. Kf1 Qb1+ 34. Ke2 Qxa2+ 35. Rd2 Qc4+ 36. Ke1 Qc1+ 37. Rd1 Qc3+ 38. Kf1
Qc4+ 39. Kg1 h5 40. h4 e5 41. Rb1 Kf5 42. R8xb5 Qe2 43. Bd4 Kg4 44. Rxe5 Qd3
45. Kg2 Qf3+ 46. Kh2 Qd3 47. Rbe1 1-0

[Event "Futurity 2"]
[Site "Winnipeg CAN"]
[Date "2010.03.23"]
[Round "5"]
[White "Khedkar, Jay"]
[Black "Lipnowski, Samuel"]
[Result "1-0"]
[WhiteElo "1986"]
[BlackElo "2244"]
[PlyCount "81"]
[EventDate "2010.03.02"]
[EventType "tourn"]
[EventRounds "5"]
[EventCountry "CAN"]

1. d4 Nf6 2. Nf3 d5 3. c4 c6 4. cxd5 cxd5 5. Nc3 Nc6 6. Bf4 a6 7. e3 Bf5 8. Bd3
Bxd3 9. Qxd3 e6 10. O-O Be7 11. h3 O-O 12. Rad1 Rc8 13. Ne5 Nxe5 14. dxe5 Nh5
15. Bh2 g6 16. e4 dxe4 17. Qe2 Qc7 18. Nxe4 Qc4 19. Qxc4 Rxc4 20. Nd6 Rb4 21.
b3 Bg5 22. g3 b5 23. Rd3 Be7 24. Re1 Bxd6 25. exd6 Nf6 26. g4 Rd8 27. Be5 Nd7
28. Bd4 e5 29. Bc3 Rf4 30. Bd2 Rd4 31. Rxd4 exd4 32. Ba5 Rb8 33. Re7 Rb7 34.
Bc7 d3 35. Kf1 d2 36. Ke2 Nb6 37. d7 Nxd7 38. Rxd7 b4 39. Rd8+ Kg7 40. Be5+ f6
41. Bb2 1-0

[Event "Futurity 2"]
[Site "Winnipeg CAN"]
[Date "2010.03.21"]
[Round "5"]
[White "Lauritson, Jim"]
[Black "Zaczek, Jonathan"]
[Result "0-1"]
[WhiteElo "1901"]
[BlackElo "2216"]
[PlyCount "90"]
[EventDate "2010.03.02"]
[EventType "tourn"]
[EventRounds "5"]
[EventCountry "CAN"]

1. d4 Nf6 2. c4 g6 3. Nc3 d5 4. Nf3 Bg7 5. Bg5 Ne4 6. Bh4 Nxc3 7. bxc3 dxc4 8.
Qa4+ Nd7 9. e3 O-O 10. Qa3 c5 11. Bxc4 Qc7 12. Be2 e5 13. Bg3 b6 14. O-O Bb7
15. Rfd1 Qc6 16. d5 Qc8 17. e4 f5 18. Nd2 f4 19. Bh4 Bf6 20. Bxf6 Nxf6 21. f3
Rd8 22. Bf1 Qc7 23. Rab1 Qe7 24. Qb3 Kh8 25. a4 Bc8 26. a5 Rb8 27. Qa3 Nd7 28.
Bb5 Nf6 29. axb6 axb6 30. Nc4 Bd7 31. Bxd7 Nxd7 32. Rb5 Ra8 33. Qb2 Rdb8 34.
Ra1 Rxa1+ 35. Qxa1 Qd8 36. Qa7 Qc8 37. Nxb6 Qb7 38. Qxb7 Rxb7 39. Nxd7 Rxb5 40.
Nxe5 Kg7 41. Nc6 Rb6 42. e5 Kf8 43. Kf2 Ke8 44. Ke2 c4 45. e6 Ra6 0-1

[Event "Futurity 2"]
[Site "Winnipeg CAN"]
[Date "2010.03.30"]
[Round "5"]
[White "Melamedoff, Gustavo"]
[Black "Kaptsan, Aron"]
[Result "0-1"]
[WhiteElo "2017"]
[BlackElo "2001"]
[PlyCount "125"]
[EventDate "2010.03.02"]
[EventType "tourn"]
[EventRounds "5"]
[EventCountry "CAN"]

1. e3 e5 2. c4 Nf6 3. Nc3 d5 4. cxd5 Nxd5 5. a3 Be7 6. Nf3 Bf6 7. Ne4 O-O 8. b4
a5 9. Nxf6+ Qxf6 10. Bb2 Re8 11. Bc4 Nb6 12. Qb3 Nxc4 13. Qxc4 Qd6 14. Rc1 c6
15. Ng5 Be6 16. Ne4 Qe7 17. Qc3 Bd5 18. Ng3 axb4 19. axb4 f6 20. O-O Na6 21. e4
Be6 22. Nh5 Bf7 23. Ng3 Qxb4 24. Nf5 Qxc3 25. Bxc3 Rad8 26. f4 exf4 27. Rxf4
Bg6 28. Ng3 Rd3 29. Rcf1 Nc5 30. e5 fxe5 31. Bxe5 Rxd2 32. Nf5 Bxf5 33. Rxf5
Rd5 34. Bc7 Rxf5 35. Rxf5 Nd3 36. g3 Nb4 37. Kf2 Nd5 38. Be5 Rf8 39. g4 Rxf5+
40. gxf5 Kf7 41. Kf3 b5 42. Ke4 b4 43. Kd4 Ne7 44. Kc4 Nxf5 45. Kxb4 Ke6 46.
Bc3 Kd5 47. h4 h5 48. Be1 g6 49. Kc3 c5 50. Kd3 c4+ 51. Ke2 Ke4 52. Kd2 Nd4 53.
Kc3 Kd5 54. Bf2 Nb5+ 55. Kd2 Nd6 56. Ke3 Ne4 57. Be1 c3 58. Kd3 Ke5 59. Kc2 Kd4
60. Kc1 Kd3 61. Kd1 c2+ 62. Kc1 Nc5 63. Bc3 0-1

[Event "Futurity 3"]
[Site "Winnipeg CAN"]
[Date "2010.06.21"]
[Round "1.3"]
[White "Kaptsan, Aron"]
[Black "Raihman, Igal"]
[Result "1/2-1/2"]
[WhiteElo "1997"]
[BlackElo "2022"]
[PlyCount "104"]
[EventDate "2010.06.01"]
[EventType "tourn"]
[EventRounds "5"]
[EventCountry "CAN"]

1. d4 d5 2. c4 e6 3. Nf3 Nf6 4. Nc3 Be7 5. e3 b6 6. cxd5 exd5 7. Bd3 Bb7 8. Qc2
c5 9. O-O O-O 10. Ne5 Re8 11. f4 Nc6 12. Nxc6 Bxc6 13. Bd2 Rc8 14. a4 Bd6 15.
Rf3 Ne4 16. dxc5 Bxc5 17. Bxe4 dxe4 18. Rg3 Rc7 19. Ne2 f6 20. Bc3 Qd3 21. Qxd3
exd3 22. Nd4 Be4 23. a5 Rd7 24. axb6 axb6 25. Kf2 Ree7 26. Ke1 Ra7 27. Rd1 Bxd4
28. Bxd4 Ra2 29. Bxf6 Rc7 30. Bc3 b5 31. Rd2 Ra4 32. Rg5 b4 33. Be5 Rd7 34. Bd4
Rc7 35. g3 Ra1+ 36. Rd1 Rac1 37. Rxg7+ Kf8 38. Rxc7 Rxc7 39. Be5 Rc6 40. Ra1
Kf7 41. Ra7+ Ke6 42. Rc7 Rc2 43. Rxc2 dxc2 44. Kd2 b3 45. g4 Bf3 46. g5 Kf5 47.
Bd4 Bg4 48. h4 Bh5 49. Be5 Bg4 50. Bc3 Bh5 51. Be5 Bg4 52. Bd4 Bh5 1/2-1/2

[Event "Futurity 3"]
[Site "Winnipeg CAN"]
[Date "2010.06.01"]
[Round "1.5"]
[White "Lipic, Stephen"]
[Black "Babb, Jeff"]
[Result "0-1"]
[WhiteElo "1863"]
[BlackElo "2206"]
[PlyCount "36"]
[EventDate "2010.06.01"]
[EventType "tourn"]
[EventRounds "5"]
[EventCountry "CAN"]

1. f4 d6 2. Nf3 g6 3. e4 Bg7 4. Be2 Nf6 5. Nc3 c5 6. O-O Nc6 7. Bb5 O-O 8. Bxc6
bxc6 9. d3 Rb8 10. Ne2 c4 11. Ng3 cxd3 12. cxd3 c5 13. Qc2 Ba6 14. f5 Qb6 15.
Rb1 Ng4 16. h3 Bxd3 17. Qxd3 c4+ 18. Be3 Nxe3 0-1

[Event "Futurity 3"]
[Site "Winnipeg CAN"]
[Date "2010.06.01"]
[Round "1.5"]
[White "Zaczek, Jonathan"]
[Black "Melamedoff, Gustavo"]
[Result "1-0"]
[WhiteElo "2096"]
[BlackElo "2019"]
[PlyCount "50"]
[EventDate "2010.06.01"]
[EventType "tourn"]
[EventRounds "5"]
[EventCountry "CAN"]

1. e4 e5 2. Nf3 Nc6 3. Bb5 a6 4. Ba4 Nf6 5. O-O Nxe4 6. d4 exd4 7. Re1 d5 8.
Nxd4 Bd6 9. Qf3 Bd7 10. Nf5 Be5 11. c4 b5 12. cxd5 Qf6 13. dxc6 Bxf5 14. Bc2
O-O-O 15. Bxe4 Bxe4 16. Qxe4 Bxb2 17. Bxb2 Qxb2 18. Qe3 Kb8 19. Nc3 Rhe8 20.
Qc5 Re6 21. Reb1 Rde8 22. g3 Qc2 23. a4 Re5 24. Qd4 Qf5 25. axb5 Rc5 1-0

[Event "Futurity 3"]
[Site "Winnipeg CAN"]
[Date "2010.06.15"]
[Round "3"]
[White "Lipic, Stephen"]
[Black "Melamedoff, Gustavo"]
[Result "1/2-1/2"]
[WhiteElo "1864"]
[BlackElo "2019"]
[PlyCount "137"]
[EventDate "2010.06.01"]
[EventType "tourn"]
[EventRounds "5"]
[EventCountry "CAN"]

1. f4 b5 2. d3 d5 3. Nf3 c5 4. c3 a5 5. Qc2 Bb7 6. e4 b4 7. Be3 e6 8. Nbd2 Nf6
9. Be2 Nbd7 10. O-O Ng4 11. Bf2 Nxf2 12. Rxf2 Rc8 13. Raf1 Nf6 14. Ne5 Bd6 15.
Qa4+ Nd7 16. Qxd7+ Qxd7 17. Nxd7 Kxd7 18. e5 Be7 19. f5 Bg5 20. fxe6+ Kc6 21.
Rxf7 Bxd2 22. Rxg7 Be3+ 23. Kh1 Bh6 24. Rgf7 Rce8 25. Bg4 Rhf8 26. c4 Rxf7 27.
Rxf7 Bc8 28. Bf3 Bg5 29. cxd5+ Kb6 30. Bg4 h6 31. g3 Be3 32. d6 Bxe6 33. Bxe6
Rxe6 34. Re7 Rg6 35. e6 Bg5 36. Re8 Kc6 37. d7 Kc7 38. Rc8+ Kb6 39. Rb8+ Ka7
40. Re8 Kb7 41. e7 Bxe7 42. Rxe7 Kc7 43. Re5 Rd6 44. d8=Q+ Rxd8 45. Rxc5+ Kb6
46. Rc2 Rxd3 47. Kg2 a4 48. Kh3 b3 49. axb3 axb3 50. Rc8 Kb5 51. Rb8+ Kc4 52.
Rc8+ Kd4 53. Rb8 Ke3 54. Kg4 Kd2 55. Rc8 Kd1 56. Kh5 Rd2 57. h4 Rxb2 58. Kxh6
Rg2 59. Rc3 b2 60. Rb3 Kc2 61. Rxb2+ Kxb2 62. h5 Rxg3 63. Kh7 Kc3 64. h6 Kd4
65. Kh8 Ke5 66. h7 Ra3 67. Kg7 Ra7+ 68. Kg8 Rxh7 69. Kxh7 1/2-1/2

[Event "Futurity 3"]
[Site "Winnipeg CAN"]
[Date "2010.06.15"]
[Round "3.5"]
[White "Kaptsan, Aron"]
[Black "Zaczek, Jonathan"]
[Result "0-1"]
[WhiteElo "1997"]
[BlackElo "2096"]
[PlyCount "70"]
[EventDate "2010.06.01"]
[EventType "tourn"]
[EventRounds "5"]
[EventCountry "CAN"]

1. d4 Nf6 2. c4 g6 3. Nc3 d5 4. cxd5 Nxd5 5. e4 Nxc3 6. bxc3 Bg7 7. Bc4 c5 8.
Ne2 O-O 9. O-O Nc6 10. Be3 Qc7 11. Rc1 Rd8 12. Bd3 Bd7 13. h3 e6 14. Qd2 Rac8
15. f4 f5 16. e5 Qa5 17. Qb2 Ne7 18. Bf2 c4 19. Bb1 Bc6 20. Bh4 Bf8 21. Rf2 Rd5
22. Qb4 Qxb4 23. cxb4 b5 24. Rff1 Rd7 25. Bxe7 Bxe7 26. a3 a5 27. bxa5 Bxa3 28.
Rc2 Ra8 29. Ba2 Rxa5 30. Rd1 Kf7 31. Kf2 Be4 32. Rcd2 Bd3 33. Rxd3 cxd3 34.
Rxd3 Ra8 35. d5 Bc5+ 0-1

[Event "Futurity 3"]
[Site "Winnipeg CAN"]
[Date "2010.06.15"]
[Round "3.5"]
[White "Raihman, Igal"]
[Black "Babb, Jeff"]
[Result "0-1"]
[WhiteElo "2022"]
[BlackElo "2206"]
[PlyCount "98"]
[EventDate "2010.06.01"]
[EventType "tourn"]
[EventRounds "5"]
[EventCountry "CAN"]

1. e4 e5 2. Nf3 Nc6 3. Bb5 a6 4. Bxc6 dxc6 5. O-O Bd6 6. d4 exd4 7. Qxd4 f6 8.
h3 Be6 9. Re1 Ne7 10. e5 fxe5 11. Nxe5 O-O 12. b4 Ng6 13. f4 Bxe5 14. Qxd8
Raxd8 15. fxe5 Rf5 16. Bb2 Rg5 17. Bc1 Rxe5 18. Rxe5 Rd1+ 19. Kf2 Nxe5 20. Nc3
Rd4 21. a3 Nc4 22. Ne2 Rd1 23. Nc3 Rh1 24. Ne4 Bd5 25. Ng5 h6 26. Nf3 Nxa3 27.
Rxa3 Rxc1 28. Ne1 Rb1 29. c3 Rb2+ 30. Kg3 Re2 31. Nf3 Kf8 32. Ra1 Rc2 33. Ra3
Ke7 34. Ne1 Re2 35. Nf3 Bxf3 36. Kxf3 Rc2 37. g3 Kd6 38. Ke4 Ke6 39. g4 g5 40.
Kd3 Rf2 41. Ke4 Rf4+ 42. Ke3 c5 43. b5 axb5 44. Ra7 Kd5 45. Rxb7 Kc6 46. Rb8 b4
47. Rh8 b3 48. Rxh6+ Kb7 49. Rh8 Rf1 0-1

[Event "Futurity 3"]
[Site "Winnipeg CAN"]
[Date "2010.06.22"]
[Round "4.5"]
[White "Lipic, Stephen"]
[Black "Kaptsan, Aron"]
[Result "0-1"]
[WhiteElo "1863"]
[BlackElo "1997"]
[PlyCount "42"]
[EventDate "2010.06.01"]
[EventType "tourn"]
[EventRounds "5"]
[EventCountry "CAN"]

1. f4 c5 2. Nf3 Nf6 3. d3 d5 4. c3 Nc6 5. Qc2 Bg4 6. Nbd2 Qc7 7. h3 Bxf3 8.
Nxf3 e5 9. fxe5 Nxe5 10. Nxe5 Qxe5 11. Qa4+ Nd7 12. Bf4 Qf6 13. O-O-O b5 14.
Qxb5 Qxf4+ 15. Kb1 Qc7 16. e4 Rb8 17. Qa4 Bd6 18. d4 O-O 19. dxc5 Nxc5 20. Qd4
Nxe4 21. c4 Be5 0-1

[Event "Futurity 3"]
[Site "Winnipeg CAN"]
[Date "2010.06.22"]
[Round "4.5"]
[White "Melamedoff, Gustavo"]
[Black "Babb, Jeff"]
[Result "0-1"]
[WhiteElo "2019"]
[BlackElo "2206"]
[PlyCount "60"]
[EventDate "2010.06.01"]
[EventType "tourn"]
[EventRounds "5"]
[EventCountry "CAN"]

1. a3 g6 2. c3 Bg7 3. g3 d6 4. Bg2 e5 5. e3 Nc6 6. Ne2 h5 7. d4 h4 8. d5 Nce7
9. c4 Bg4 10. h3 Bxe2 11. Qxe2 hxg3 12. fxg3 Nf5 13. Qf3 e4 14. Qxe4+ Be5 15.
c5 Nxg3 16. Qa4+ Kf8 17. Rg1 Rh4 18. Qc2 b5 19. Nc3 Rc4 20. Bd2 Qh4 21. O-O-O
Ne2+ 22. Kb1 Nxg1 23. Rxg1 Qf2 24. Qd1 Bh2 25. Rf1 Qxg2 26. Nxb5 Rxc5 27. Nd4
Kg7 28. Nf3 Be5 29. Nh4 Qe4+ 30. Ka1 Qxh4 0-1

[Event "Futurity 3"]
[Site "Winnipeg CAN"]
[Date "2010.06.22"]
[Round "4.5"]
[White "Zaczek, Jonathan"]
[Black "Raihman, Igal"]
[Result "1-0"]
[WhiteElo "2096"]
[BlackElo "2022"]
[PlyCount "87"]
[EventDate "2010.06.01"]
[EventType "tourn"]
[EventRounds "5"]
[EventCountry "CAN"]

1. e4 c5 2. Nf3 d6 3. d4 cxd4 4. Nxd4 Nf6 5. Nc3 a6 6. Bc4 e6 7. Bb3 Nc6 8. Be3
Be7 9. Qe2 Qc7 10. O-O-O O-O 11. f3 Nd7 12. g4 Bf6 13. h4 Nxd4 14. Bxd4 Bxd4
15. Rxd4 b5 16. Rhd1 Bb7 17. Rxd6 Bc6 18. Qd2 Nb6 19. Qd4 Rae8 20. Qc5 Rc8 21.
Ne2 Qb7 22. Nd4 Nd7 23. Qg5 h6 24. Qe7 Rce8 25. Nxc6 Rxe7 26. Nxe7+ Kh7 27.
Rxd7 Qb6 28. R1d4 Re8 29. R7d6 Qa5 30. Nc6 Qe1+ 31. Rd1 Qe3+ 32. Kb1 Qxf3 33.
c3 Qxg4 34. Rd7 Rf8 35. Bc2 Qxh4 36. e5+ g6 37. Rg1 Kh8 38. Rdd1 Qc4 39. Ne7 g5
40. Rh1 Kg7 41. Bd3 Qc7 42. Rxh6 Qxe7 43. Rdh1 f5 44. Rh7+ 1-0

[Event "Futurity 3"]
[Site "Winnipeg CAN"]
[Date "2010.06.29"]
[Round "5.5"]
[White "Babb, Jeff"]
[Black "Zaczek, Jonathan"]
[Result "0-1"]
[WhiteElo "2206"]
[BlackElo "2096"]
[PlyCount "88"]
[EventDate "2010.06.01"]
[EventType "tourn"]
[EventRounds "5"]
[EventCountry "CAN"]

1. d4 Nf6 2. Bg5 Ne4 3. Bf4 c5 4. f3 Nf6 5. dxc5 Qa5+ 6. Nc3 Qxc5 7. e4 d6 8.
Qd2 a6 9. O-O-O Nbd7 10. g4 h6 11. h4 b5 12. h5 Bb7 13. Be3 Qc7 14. Kb1 e6 15.
Bxb5 axb5 16. Nxb5 Qc4 17. Nxd6+ Bxd6 18. b3 Qa6 19. Qxd6 Qxa2+ 20. Kc1 Bxe4
21. fxe4 Qa1+ 22. Kd2 Nxe4+ 23. Ke2 Nxd6 24. Rxa1 Rxa1 25. Bd4 Rb1 26. Bxg7 Rg8
27. Bxh6 Rxg4 28. Be3 Nf5 29. h6 Nf6 30. h7 Nxh7 31. Rxh7 Nxe3 32. Kxe3 Rgxg1
33. Kd4 Rg2 34. Rh8+ Kd7 35. Rf8 f5 36. c4 Rxb3 37. Kc5 Rg7 38. Ra8 Ke7 39. Kc6
Rg4 40. c5 Rc4 41. Ra7+ Kf6 42. Ra5 Rbc3 43. Kd6 Rxc5 44. Ra8 Rd5# 0-1

[Event "Futurity 3"]
[Site "Winnipeg CAN"]
[Date "2010.06.29"]
[Round "5.5"]
[White "Kaptsan, Aron"]
[Black "Melamedoff, Gustavo"]
[Result "1-0"]
[WhiteElo "1997"]
[BlackElo "2019"]
[PlyCount "71"]
[EventDate "2010.06.01"]
[EventType "tourn"]
[EventRounds "5"]
[EventCountry "CAN"]

1. e4 e5 2. f4 Bc5 3. Nf3 d6 4. c3 Nf6 5. d4 exd4 6. cxd4 Bb4+ 7. Bd2 Bxd2+ 8.
Nbxd2 O-O 9. Bd3 Bg4 10. h3 Bxf3 11. Qxf3 Nc6 12. d5 Nb4 13. Bb1 Re8 14. O-O c6
15. a3 Na6 16. dxc6 bxc6 17. b4 Qb6+ 18. Qf2 Nc7 19. Rc1 Qa6 20. Qf1 Qb6+ 21.
Qf2 Qa6 22. Rc3 Nb5 23. Re3 Qb6 24. Re1 Nd5 25. g3 Ndc3 26. Bd3 Nd4 27. Kg2 d5
28. exd5 cxd5 29. Rac1 Ncb5 30. a4 Nd6 31. b5 Nc4 32. Bxc4 dxc4 33. Rxc4 Qb7+
34. Kh2 Rxe1 35. Qxe1 Rd8 36. Rxd4 1-0

[Event "Futurity 3"]
[Site "Winnipeg CAN"]
[Date "2010.06.29"]
[Round "5.5"]
[White "Raihman, Igal"]
[Black "Lipic, Stephen"]
[Result "1-0"]
[WhiteElo "2022"]
[BlackElo "1863"]
[PlyCount "121"]
[EventDate "2010.06.01"]
[EventType "tourn"]
[EventRounds "5"]
[EventCountry "CAN"]

1. b3 d5 2. Bb2 c6 3. e3 Nf6 4. Nf3 Bg4 5. Be2 Nbd7 6. O-O e6 7. c4 Bd6 8. d4
Ne4 9. Nbd2 f5 10. Rc1 O-O 11. Rc2 Qe8 12. Ne5 Bxe2 13. Qxe2 Bxe5 14. dxe5 g5
15. f3 Nxd2 16. Rxd2 Qg6 17. Rfd1 Nb6 18. Bd4 Nc8 19. Bc5 Rf7 20. b4 b6 21. Bd4
Ne7 22. a4 g4 23. f4 Nc8 24. Rc2 Rb7 25. cxd5 cxd5 26. Rdc1 Qe8 27. Rc6 Qd7 28.
Qa6 Kf7 29. a5 Rab8 30. Qd3 Ne7 31. Rd6 Qe8 32. axb6 axb6 33. b5 Nc8 34. Rcc6
Nxd6 35. exd6 Qd8 36. Qc3 Rd7 37. Rc7 Rb7 38. Rc8 Qh4 39. Bg7 Kg6 40. g3 d4 41.
Qxd4 Rxd6 42. Qxd6 Qe7 43. Qxe7 Rxe7 44. Bd4 Kh5 45. Bxb6 Rb7 46. Rc6 h6 47.
Kf1 Rd7 48. Bd4 Rd5 49. Rc5 Rd6 50. Re5 Rd7 51. b6 Rd8 52. Ra5 Rb8 53. Ra7 Kg6
54. b7 Kh5 55. Be5 Rg8 56. b8=Q Rg6 57. Qd8 Rf6 58. Ke2 Kg6 59. Qxf6+ Kh5 60.
Qh4+ Kg6 61. Rg7# 1-0

[Event "Gatineau CEH 31 Aniv-A"]
[Site "Gatineau CAN"]
[Date "2010.09.14"]
[Round "1"]
[White "Arsenault, Michel"]
[Black "Danilov, Alex"]
[Result "1-0"]
[WhiteElo "1789"]
[BlackElo "1895"]
[PlyCount "75"]
[EventDate "2010.09.14"]
[EventType "tourn"]
[EventRounds "5"]
[EventCountry "CAN"]
[Source "ChessBase"]
[SourceDate "2011.11.26"]

1. c4 Nf6 2. g3 e5 3. Bg2 c5 4. Nc3 Nc6 5. d3 Be7 6. Nf3 d5 7. cxd5 Nxd5 8.
Nxe5 Nxc3 9. Nxc6 Nxd1 10. Nxd8 Nxf2 11. Nxf7 Nxd3+ 12. exd3 Kxf7 13. Bd5+ Be6
14. O-O+ Bf6 15. Bxb7 Rab8 16. Be4 Ke7 17. Rb1 Bd4+ 18. Kg2 h6 19. Bf4 Bxa2 20.
Bxb8 Bxb1 21. Bxa7 Ba2 22. Rc1 Kd6 23. b4 Rc8 24. Bxc5+ Bxc5 25. bxc5+ Rxc5 26.
Rxc5 Kxc5 27. Kf3 Kd4 28. Bg6 Bb1 29. Kf4 Bc2 30. Be4 Bb3 31. Kf5 Bf7 32. g4
Be8 33. Ke6 Ke3 34. Ke7 Ba4 35. Kf7 Kf4 36. Bf5 h5 37. h3 g5 38. gxh5 1-0

[Event "Gatineau CEH 31 Aniv-A"]
[Site "Gatineau CAN"]
[Date "2010.09.14"]
[Round "1"]
[White "Brousseau, Yvan"]
[Black "Scantland, Patrick"]
[Result "1-0"]
[WhiteElo "2043"]
[BlackElo "1728"]
[PlyCount "39"]
[EventDate "2010.09.14"]
[EventType "tourn"]
[EventRounds "5"]
[EventCountry "CAN"]
[Source "ChessBase"]
[SourceDate "2011.11.26"]

1. b3 g6 2. Bb2 Nf6 3. g4 Bg7 4. e3 d6 5. g5 Nh5 6. Nc3 Bxc3 7. Bxc3 Rg8 8. Bg2
e5 9. h4 Nd7 10. d4 Qe7 11. dxe5 Nxe5 12. Qd2 Ng7 13. O-O-O Nf5 14. Nf3 Nxf3
15. Bxf3 h5 16. Bf6 Qd7 17. e4 Ne7 18. e5 Nf5 19. exd6 Qxd6 20. Qe2+ 1-0

[Event "Gatineau CEH 31 Aniv-A"]
[Site "Gatineau CAN"]
[Date "2010.09.14"]
[Round "1"]
[White "Guimond, Michel"]
[Black "Groleau, Gilles"]
[Result "1-0"]
[WhiteElo "1916"]
[BlackElo "1942"]
[PlyCount "47"]
[EventDate "2010.09.14"]
[EventType "tourn"]
[EventRounds "5"]
[EventCountry "CAN"]
[Source "ChessBase"]
[SourceDate "2011.11.26"]

1. e4 c5 2. Nf3 e6 3. d4 cxd4 4. Nxd4 a6 5. Nc3 Qc7 6. Bd3 b5 7. Be3 Bb7 8. Qd2
Nf6 9. f3 Bb4 10. Nde2 d5 11. e5 Nfd7 12. f4 Nc6 13. Nd4 Na5 14. O-O Bxc3 15.
bxc3 Nc4 16. Bxc4 dxc4 17. f5 exf5 18. e6 Nf6 19. Nxf5 O-O 20. Nxg7 Ng4 21. Rf4
Rad8 22. Rxg4 Rxd2 23. Ne8+ Kh8 24. Nxc7 1-0

[Event "Gatineau CEH 31 Aniv-A"]
[Site "Gatineau CAN"]
[Date "2010.09.21"]
[Round "2"]
[White "Brousseau, Yvan"]
[Black "Arsenault, Michel"]
[Result "1-0"]
[WhiteElo "2043"]
[BlackElo "1789"]
[PlyCount "81"]
[EventDate "2010.09.14"]
[EventType "tourn"]
[EventRounds "5"]
[EventCountry "CAN"]
[Source "ChessBase"]
[SourceDate "2011.11.26"]

1. b3 e5 2. Bb2 Nc6 3. e3 d6 4. Nf3 g6 5. d4 Bg7 6. dxe5 Nxe5 7. Nxe5 Bxe5 8.
Bxe5 dxe5 9. Qxd8+ Kxd8 10. Nc3 c6 11. O-O-O+ Ke7 12. Ne4 Nh6 13. Be2 f6 14.
Rd2 Nf7 15. Rhd1 Bf5 16. Nc5 b6 17. e4 bxc5 18. exf5 Rad8 19. fxg6 hxg6 20. h3
Rxd2 21. Rxd2 Rd8 22. Bd3 f5 23. Re2 Kf6 24. f3 Rd4 25. Re3 Nd8 26. Bc4 Nb7 27.
Rc3 Na5 28. Be2 Rd5 29. a3 Nb7 30. Bc4 Rd4 31. Ba6 Nd8 32. Rxc5 e4 33. fxe4
Rxe4 34. Kd2 Rf4 35. Ke3 Re4+ 36. Kf3 Kg5 37. Bd3 Ne6 38. Bxe4 Nxc5 39. Bxc6
Ne6 40. c3 Nc5 41. Bd5 1-0

[Event "Gatineau CEH 31 Aniv-A"]
[Site "Gatineau CAN"]
[Date "2010.09.21"]
[Round "2"]
[White "Danilov, Alex"]
[Black "Guimond, Michel"]
[Result "0-1"]
[WhiteElo "1895"]
[BlackElo "1916"]
[PlyCount "68"]
[EventDate "2010.09.14"]
[EventType "tourn"]
[EventRounds "5"]
[EventCountry "CAN"]
[Source "ChessBase"]
[SourceDate "2011.11.26"]

1. e4 e6 2. d3 d5 3. Nd2 c5 4. Ngf3 Nc6 5. g3 Bd6 6. Bg2 Nge7 7. O-O O-O 8. Nh4
g5 9. Qg4 Ng6 10. Nxg6 hxg6 11. Nf3 f6 12. exd5 exd5 13. Qa4 Be6 14. c3 Qd7 15.
Bd2 Kg7 16. Rfe1 Bh3 17. Bh1 Rh8 18. b4 Bg4 19. bxc5 Bxc5 20. d4 Bd6 21. Qb5
Bc7 22. Re3 b6 23. Rae1 Kf7 24. c4 Rae8 25. cxd5 Nb8 26. Qc4 Bd6 27. Bb4 Rxe3
28. Rxe3 Re8 29. Bxd6 Qxd6 30. Qa4 Rxe3 31. fxe3 Qc7 32. Qa3 Bh3 33. Ne1 a5 34.
Qb3 Qc1 0-1